2025 League of Ireland Premier Division Clubs - Statistics

General Stats
  • This quiz has been taken 31 times
  • The average score is 9 of 10
Answer Stats
Team Stadium % Correct
Bohemians Dalymount Park
96%
Cork City Turners Cross
96%
Derry City Brandywell
91%
Drogheda United United Park
91%
Shamrock Rovers Tallaght Stadium
91%
Shelbourne Tolka Park
91%
Waterford RSC
91%
Galway United Eamonn Deacy Park
87%
St Patrick's Athletic Richmond Park
87%
Sligo Rovers The Showgrounds
78%
No matching quizzes found
Score Distribution
Percent of People with Each Score
Percentile by Number Answered
Your Score History
You have not taken this quiz